[Event "Koltsovo op"]
[Site "Koltsovo"]
[Date "2014.07.05"]
[Round "8"]
[White "Mikhalev, Vladimir"]
[Black "Obgolts, Erik"]
[Result "0-1"]
[WhiteElo "2150"]
[BlackElo "1962"]
[PlyCount "98"]
[EventDate "2014.06.28"]
[EventType "swiss"]
[EventRounds "9"]
[EventCountry "RUS"]
[SourceTitle "CBM 161 Extra"]
[Source "ChessBase"]
[SourceDate "2014.08.29"]
[SourceVersion "1"]
[SourceVersionDate "2014.08.29"]
[SourceQuality "1"]

1. e4 c5 2. Nf3 e6 3. d3 Nc6 4. g3 Be7 5. Bg2 d6 6. Nbd2 Nf6 7. 0-0 0-0 8. a4 Nd7 9. Re1 b6 10. Nf1 Bb7 11. h4 Nd4 12. Ng5 h6 13. Nh3 Rb8 14. c3 Nc6 15. f4 d5 16. e5 f6 17. exf6 Nxf6 18. Rxe6 Na5 19. Bd2 Bc8 20. Re1 c4 21. Nf2 Nb3 22. Ra2 Nxd2 23. Nxd2 cxd3 24. Nxd3 Ng4 25. Nf3 Qc7 26. Nde5 Bc5+ 27. Nd4 Nxe5 28. Rxe5 Kh8 29. Kh2 a6 30. Rxd5 Bd6 31. Nb5 axb5 32. Rxd6 Qe7 33. axb5 Be6 34. Ra1 Rbd8 35. Rxd8 Rxd8 36. Qe2 Qd7 37. Re1 Bg4 38. Bf3 Bxf3 39. Qxf3 Qxb5 40. Re2 Qb3 41. f5 Qf7 42. Qe4 Rf8 43. g4 Qc7+ 44. Qe5 Qc4 45. Qe4 Qc7+ 46. Kh3 Rd8 47. h5 Qd6 48. Qf3 Rf8 49. Re6 Qxe6 0-1

[Event "Koltsovo op"]
[Site "Koltsovo"]
[Date "2014.06.29"]
[Round "2"]
[White "Mikhalev, Vladimir"]
[Black "Lugovin, Andrej"]
[Result "1/2-1/2"]
[WhiteElo "2150"]
[BlackElo "1943"]
[PlyCount "72"]
[EventDate "2014.06.28"]
[EventType "swiss"]
[EventRounds "9"]
[EventCountry "RUS"]
[SourceTitle "CBM 161 Extra"]
[Source "ChessBase"]
[SourceDate "2014.08.29"]
[SourceVersion "1"]
[SourceVersionDate "2014.08.29"]
[SourceQuality "1"]

1. d4 Nf6 2. Nf3 g6 3. Nc3 d5 4. g3 Bg7 5. Bg2 0-0 6. 0-0 Nbd7 7. Re1 e6 8. e4 Nxe4 9. Nxe4 dxe4 10. Rxe4 c5 11. c3 cxd4 12. cxd4 b5 13. Rh4 Bb7 14. Bh6 Bf6 15. Rh3 Re8 16. Qd2 Bxf3 17. Bxf3 Rc8 18. Rd1 Rc4 19. d5 Rd4 20. Qc1 Rxd1+ 21. Qxd1 exd5 22. Qxd5 Ne5 23. b3 Qxd5 24. Bxd5 Rd8 25. Bb7 Rd1+ 26. Kg2 Ra1 27. Bf4 Nd3 28. Be3 Ne1+ 29. Kf1 Nc2+ 30. Ke2 Rxa2 31. g4 Nxe3+ 32. Kxe3 Rb2 33. Bd5 a5 34. Rf3 Kg7 35. h4 h6 36. Kd3 a4 1/2-1/2

[Event "Khanty-Mansiysk Governor Cup 7th"]
[Site "Khanty-Mansiysk"]
[Date "2011.09.02"]
[Round "3"]
[White "Ilyasov, Vener"]
[Black "Mikhalev, Vladimir"]
[Result "0-1"]
[WhiteElo "1827"]
[BlackElo "2111"]
[PlyCount "102"]
[EventDate "2011.08.31"]
[EventType "swiss"]
[EventRounds "9"]
[EventCountry "RUS"]
[SourceTitle "CBM 144 Extra"]
[Source "ChessBase"]
[SourceDate "2011.10.28"]
[SourceVersion "1"]
[SourceVersionDate "2011.10.28"]
[SourceQuality "1"]

1. d4 c5 2. d5 e5 3. dxe6 fxe6 4. c4 Nf6 5. Nc3 Be7 6. Nf3 d5 7. e3 Nc6 8. cxd5 exd5 9. Bb5 0-0 10. 0-0 Bg4 11. Be2 Qd7 12. Qa4 a6 13. Qd1 b5 14. b3 Rad8 15. Ne1 d4 16. Bxg4 Nxg4 17. exd4 Nxd4 18. Qd2 Qc7 19. f4 Nf3+ 20. Nxf3 Rxd2 21. Bxd2 c4 22. h3 Bc5+ 23. Kh1 Nf2+ 24. Kh2 b4 25. Nd5 Qd6 26. bxc4 Ne4 27. Rae1 Qg6 28. Be3 Qg3+ 29. Kg1 Kh8 30. Bxc5 Nxc5 31. Re3 a5 32. Rfe1 Qg6 33. Ne5 Qc2 34. R3e2 Qa4 35. Nf7+ Kg8 36. Nf6+ gxf6 37. Nh6+ Kh8 38. Re7 Nd3 39. R1e4 Qd1+ 40. Kh2 Qh5 41. Rd4 Qxh6 42. Rxd3 Qxf4+ 43. Kg1 Qc1+ 44. Kh2 Qf4+ 45. Kg1 Qxc4 46. Rdd7 Qc2 47. Rc7 Qb1+ 48. Kh2 Rg8 49. g4 Qxa2+ 50. Kg3 Qb3+ 51. Kf4 Qd3 0-1

[Event "Koltsovo op"]
[Site "Koltsovo"]
[Date "2010.07.06"]
[Round "9"]
[White "Mikhalev, Vladimir"]
[Black "Khanin, Semen"]
[Result "1/2-1/2"]
[WhiteElo "2114"]
[BlackElo "2027"]
[PlyCount "71"]
[EventDate "2010.06.28"]
[EventType "swiss"]
[EventRounds "9"]
[EventCountry "RUS"]
[SourceTitle "CBM 137 Extra"]
[Source "ChessBase"]
[SourceDate "2010.09.01"]
[SourceVersion "1"]
[SourceVersionDate "2010.09.01"]
[SourceQuality "1"]

1. d4 d5 2. Nf3 e6 3. Bf4 c5 4. e3 Nf6 5. Nbd2 Qb6 6. Rb1 Nc6 7. c3 cxd4 8. exd4 Be7 9. Bd3 0-0 10. 0-0 Re8 11. Ne5 Bd6 12. Re1 Qc7 13. Re3 Ne7 14. Bg5 Ng6 15. Rh3 Bxe5 16. dxe5 Qxe5 17. Rg3 Bd7 18. h4 Ne4 19. Nf3 Qc7 20. Bxe4 dxe4 21. h5 exf3 22. hxg6 fxg6 23. Qxf3 e5 24. Rd1 e4 25. Qe2 Bf5 26. Rd4 Rac8 27. Re3 Qf7 28. g4 Bd7 29. Rdxe4 Rxe4 30. Rxe4 Bc6 31. Re7 Qxa2 32. Kh2 Qd5 33. Qe6+ Qxe6 34. Rxe6 Rf8 35. Be3 a6 36. g5 1/2-1/2

[Event "Khanty-Mansiysk Governor Cup-B 5th"]
[Site "Khanty-Mansiysk"]
[Date "2009.11.29"]
[Round "6"]
[White "Tatekhin, Vyacheslav"]
[Black "Mikhalev, Vladimir"]
[Result "1-0"]
[WhiteElo "2000"]
[BlackElo "2132"]
[PlyCount "85"]
[EventDate "2009.11.24"]
[EventType "swiss"]
[EventRounds "11"]
[EventCountry "RUS"]
[SourceTitle "EXT 2011"]
[Source "ChessBase"]
[SourceDate "2010.11.26"]
[SourceVersion "1"]
[SourceVersionDate "2010.11.26"]
[SourceQuality "1"]

1. e4 c6 2. Nc3 d5 3. Nf3 dxe4 4. Nxe4 Nd7 5. d4 Ngf6 6. Nxf6+ Nxf6 7. c3 Bg4 8. Be2 e6 9. 0-0 Bd6 10. h3 Bh5 11. Bg5 h6 12. Bh4 Qc7 13. Nd2 Bxe2 14. Qxe2 g5 15. Bg3 0-0-0 16. Nc4 Bf4 17. Bxf4 Qxf4 18. Qe5 Rhg8 19. g3 Qxe5 20. Nxe5 Rg7 21. Rfe1 Nd7 22. Kg2 Nxe5 23. Rxe5 Rd5 24. Rae1 Kd7 25. Kf3 h5 26. Rxd5+ cxd5 27. Ke3 Rg6 28. f4 f6 29. fxg5 Rxg5 30. Kf3 Rf5+ 31. Kg2 Rg5 32. Kf3 Rf5+ 33. Kg2 Kd6 34. g4 Rg5 35. Kf3 e5 36. dxe5+ fxe5 37. Kg3 hxg4 38. hxg4 b5 39. Rh1 a5 40. Rh6+ Kd7 41. Rb6 b4 42. cxb4 axb4 43. Rxb4 1-0

[Event "Khanty-Mansiysk Governor Cup-B 5th"]
[Site "Khanty-Mansiysk"]
[Date "2009.11.25"]
[Round "2"]
[White "Galiakhmedov, Albert"]
[Black "Mikhalev, Vladimir"]
[Result "0-1"]
[WhiteElo "1872"]
[BlackElo "2132"]
[PlyCount "54"]
[EventDate "2009.11.24"]
[EventType "swiss"]
[EventRounds "11"]
[EventCountry "RUS"]
[SourceTitle "EXT 2011"]
[Source "ChessBase"]
[SourceDate "2010.11.26"]
[SourceVersion "1"]
[SourceVersionDate "2010.11.26"]
[SourceQuality "1"]

1. d4 c5 2. Nf3 Nf6 3. Nc3 e6 4. Bg5 d5 5. e4 cxd4 6. Qxd4 Be7 7. exd5 exd5 8. Bb5+ Nc6 9. 0-0 0-0 10. Qa4 Bd7 11. Qf4 a6 12. Ba4 Be6 13. Rad1 Qa5 14. Bb3 Rad8 15. Nd4 Nxd4 16. Rxd4 Rd7 17. Rfd1 Rfd8 18. Qd2 Qc5 19. Be3 Qc6 20. Qd3 b5 21. Qe2 Bc5 22. Rf4 d4 23. Bxd4 Bxd4 24. Bxe6 Qxe6 25. Ne4 Bxf2+ 26. Kxf2 Rxd1 27. Nxf6+ gxf6 0-1

[Event "Khanty-Mansiysk Governor Cup-B 4th"]
[Site "Khanty-Mansiysk"]
[Date "2008.10.23"]
[Round "11"]
[White "Mikhalev, Vladimir"]
[Black "Musin, Azat"]
[Result "1-0"]
[WhiteElo "2154"]
[BlackElo "1786"]
[PlyCount "61"]
[EventDate "2008.10.15"]
[EventType "swiss"]
[EventRounds "11"]
[EventCountry "RUS"]
[SourceTitle "EXT 2022"]
[Source "ChessBase"]
[SourceDate "2021.10.06"]
[SourceVersion "1"]
[SourceVersionDate "2021.10.06"]
[SourceQuality "1"]

1. e4 e5 2. Bc4 Nc6 3. Nf3 Nf6 4. d3 Be7 5. Nc3 d6 6. h3 Na5 7. Bb3 Nxb3 8. axb3 a6 9. 0-0 h6 10. d4 Nd7 11. Re1 0-0 12. Be3 c6 13. Ne2 f5 14. exf5 Rxf5 15. Ng3 Rf8 16. dxe5 Nxe5 17. Nxe5 dxe5 18. Qh5 Qe8 19. Qxe5 Bf6 20. Qxe8 Rxe8 21. c3 Be6 22. b4 Bd8 23. Bd4 Bf6 24. Bxf6 gxf6 25. Ne4 Rf8 26. Nd6 Bc8 27. Re7 Rb8 28. Rae1 Rd8 29. Re8+ Rxe8 30. Rxe8+ Kg7 31. Nxc8 1-0

[Event "Khanty-Mansiysk HMAO-ch"]
[Site "Khanty-Mansiysk"]
[Date "2008.01.29"]
[Round "8"]
[White "Kopylov, Alexander A"]
[Black "Mikhalev, Vladimir"]
[Result "1-0"]
[WhiteElo "2360"]
[BlackElo "2151"]
[PlyCount "55"]
[EventDate "2008.01.25"]
[EventType "swiss"]
[EventRounds "9"]
[EventCountry "RUS"]
[SourceTitle "EXT 2009"]
[Source "ChessBase"]
[SourceDate "2008.11.26"]
[SourceVersion "1"]
[SourceVersionDate "2008.11.26"]
[SourceQuality "1"]

1. d4 c5 2. dxc5 e6 3. Nc3 Bxc5 4. Ne4 Be7 5. Nd6+ Bxd6 6. Qxd6 Ne7 7. e4 0-0 8. Nf3 b6 9. Bd3 Bb7 10. 0-0 Na6 11. Be3 Rc8 12. b4 Rc6 13. Qd4 Rc8 14. a3 d6 15. e5 dxe5 16. Qxe5 Ng6 17. Qg3 Bxf3 18. Bxa6 Bd5 19. Bxc8 Qxc8 20. Rac1 Qc4 21. Rfd1 Rc8 22. h4 f5 23. Bd4 Qe2 24. Qg5 Rxc2 25. h5 Ne5 26. h6 Ng6 27. Qd8+ Kf7 28. hxg7 1-0

[Event "Khanty-Mansiysk Governor Cup"]
[Site "Khanty-Mansiysk"]
[Date "2007.11.29"]
[Round "8"]
[White "Mikhalev, Vladimir"]
[Black "Pushkarev, Dmitry"]
[Result "0-1"]
[WhiteElo "2174"]
[BlackElo "2369"]
[PlyCount "86"]
[EventDate "2007.11.21"]
[EventType "swiss"]
[EventRounds "9"]
[EventCountry "RUS"]
[SourceTitle "CBM 121 Extra"]
[Source "ChessBase"]
[SourceDate "2008.01.10"]
[SourceVersion "1"]
[SourceVersionDate "2008.01.10"]
[SourceQuality "1"]

1. d4 d5 2. Nf3 Nf6 3. Bf4 c5 4. e3 Nc6 5. Nbd2 Qb6 6. dxc5 Qxb2 7. Rb1 Qc3 8. Rb3 Qxc5 9. Ne5 e6 10. Bb5 Be7 11. 0-0 a6 12. Bxc6+ bxc6 13. e4 0-0 14. Nd3 Qa5 15. e5 Nd7 16. Qh5 Re8 17. Nc1 g6 18. Qe2 f5 19. Rh3 c5 20. Nf3 Bf8 21. Bh6 Qd8 22. Nd3 d4 23. Qd2 Qc7 24. Re1 Bb7 25. Ng5 Bxh6 26. Rxh6 Nf8 27. Nxh7 Nxh7 28. Rxg6+ Kh8 29. Qh6 Rg8 30. Nf4 Rxg6 31. Nxg6+ Kg8 32. Nf4 Nf8 33. Nh5 Nh7 34. Rb1 Bd5 35. h4 Qxe5 36. f4 Qc7 37. Rb6 Qf7 38. a4 Kh8 39. g4 fxg4 40. f5 Rg8 41. Rxa6 g3 42. Rb6 Qxf5 43. Nf4 Qe4 0-1

[Event "Khanty-Mansiysk Governor Cup"]
[Site "Khanty-Mansiysk"]
[Date "2007.11.23"]
[Round "3"]
[White "Mustafina, Dinara"]
[Black "Mikhalev, Vladimir"]
[Result "1-0"]
[WhiteElo "1827"]
[BlackElo "2174"]
[PlyCount "138"]
[EventDate "2007.11.21"]
[EventType "swiss"]
[EventRounds "9"]
[EventCountry "RUS"]
[SourceTitle "CBM 121 Extra"]
[Source "ChessBase"]
[SourceDate "2008.01.10"]
[SourceVersion "1"]
[SourceVersionDate "2008.01.10"]
[SourceQuality "1"]

1. e4 d6 2. d4 Nf6 3. Nc3 g6 4. Nf3 Bg7 5. Bc4 c6 6. Bb3 0-0 7. 0-0 b5 8. a3 a5 9. Bf4 Na6 10. e5 Ne8 11. Qd2 Nac7 12. Bh6 Be6 13. Bxe6 Nxe6 14. Bxg7 N8xg7 15. d5 cxd5 16. Qxd5 dxe5 17. Nxe5 Qxd5 18. Nxd5 Rfe8 19. Nc6 Nf5 20. g4 Nfd4 21. Nxd4 Nxd4 22. Nc7 Nxc2 23. Rad1 b4 24. Nxe8 Rxe8 25. axb4 Nxb4 26. Rd7 e6 27. Rfd1 Nd5 28. Ra7 Rb8 29. Rd2 Rb5 30. Kf1 g5 31. Ke1 Kg7 32. Kd1 Rb4 33. h3 a4 34. Kc2 Rf4 35. Kb1 Kg6 36. Rd3 Nb4 37. Rc3 Nd5 38. Ra3 Rxf2 39. R3xa4 Rh2 40. Ra3 Rf2 41. R7a4 h5 42. Rg3 h4 43. Rb3 Kf6 44. Rb7 Ke5 45. Ra5 f6 46. b4 Rf3 47. b5 Rxh3 48. b6 Rg3 49. Kc2 Rxg4 50. Rh7 Rc4+ 51. Kd3 Rb4 52. b7 h3 53. Ra6 Nf4+ 54. Kd2 Rb2+ 55. Kc3 Rxb7 56. Rxb7 g4 57. Rh7 Ke4 58. Kd2 Kf3 59. Ra3+ Kg2 60. Ke3 Nd5+ 61. Ke4 f5+ 62. Ke5 f4 63. Ra2+ Kg3 64. Kxe6 Ne3 65. Re2 Nf1 66. Ra2 f3 67. Kf5 f2 68. Rxf2 Ne3+ 69. Kg5 Kxf2 1-0

[Event "Novosibirsk op"]
[Site "Novosibirsk"]
[Date "2001.07.26"]
[Round "8"]
[White "Mikhalev, Vladimir"]
[Black "Maltsev, Vladimir"]
[Result "1/2-1/2"]
[WhiteElo "2183"]
[BlackElo "2234"]
[PlyCount "61"]
[EventDate "2001.07.18"]
[EventType "swiss"]
[EventRounds "11"]
[EventCountry "RUS"]
[SourceTitle "CBM 083 Extra"]
[Source "ChessBase"]
[SourceDate "2001.09.11"]
[SourceVersion "1"]
[SourceVersionDate "2001.09.11"]
[SourceQuality "1"]

1. d4 Nf6 2. Bg5 g6 3. c4 Bg7 4. Nc3 0-0 5. e4 d6 6. Be2 Na6 7. Nf3 e5 8. d5 h6 9. Bh4 c5 10. Nd2 Qe8 11. 0-0 Nh7 12. a3 h5 13. f3 Bh6 14. Rb1 f5 15. exf5 gxf5 16. f4 Bxf4 17. Bxh5 Qd7 18. Kh1 Nf6 19. Bxf6 Rxf6 20. g3 Bxd2 21. Qxd2 Qg7 22. Rf2 Bd7 23. Rbf1 Raf8 24. Bd1 Nc7 25. Bc2 Ne8 26. Nd1 Qf7 27. Ne3 Ng7 28. Ng4 Qg6 29. Nxf6+ Rxf6 30. Qa5 Bc8 31. Qxa7 1/2-1/2